000 00737nam a22002297a 4500
003 UA-OsUOA
001 118397
007 ta
008 20160811b un ||||| |||| 00| 0 ukr d
100 _aКрнєєв В.В
700 _aКульпінський С.В.
090 _a330(477)
_bК82
942 _cSA
040 _aUA-OsUOA
_bukr
_cUA-OsUOA
_dUA-OsUOA
245 _aПодолання дефіциту інвестиційниї ресурсів за допомогою інструментарію банку розвитку
300 _aС.82-97
955 _a0
041 _aukr
080 _a330(477)
773 0 _w118392
_tФінанси України
_dК.
_d2016
_g5
650 7 _a330 Економіка взагалі
_2UDC
999 _c404476
_d404476